000 01084nam a22003497a 4500
003 CHAP
005 20220329143732.0
008 110509s1990 us r 00010 eng d
010 _a101144
011 _a102116
020 _a0 671661272
035 _a112804
040 _cCHAP
082 0 4 _a615.535
_bL97
100 1 _aLust, John
_969193
245 1 4 _aThe natural remedy bible
_c/por John Lust y Michael Tierra
260 _aNew York :
_bPocket Books,
_cc1990
300 _aXX, 364 p.
_bilus.
590 _aBATCH-UPD
_b10
_c20130110
_lUCH01
_h1138
590 _aBATCH-UPD
_b10
_c20130410
_lUCH01
_h0724
590 _aBATCH-UPD
_b10
_c20130914
_lUCH01
_h0744
590 _aCONVERSION
_b10
_c20130109
_lUCH01
_h1356
650 1 4 _aBotánica médica.
_914680
650 1 4 _aMateria médica.
_972929
650 1 4 _aMedicina alternativa.
_973914
650 1 4 _aNaturalistas.
_980415
650 1 4 _aTerapéutica fisiológica.
_9112346
700 1 _aTierra, Michael
_9113063
901 _aBK
942 _cLIBRO
949 _a615.535 L97
_bBC
_cLIBRO
_d33724002254553
_eLIBRO
_h114883
_i112804
_sb
999 _c101144
_d101144